00261nam a2200109Ia 4500008004100000100001700041245003100058260002800089650001000117942000700127999001700134190216s9999||||xx |||||||||||||| ||und|| aBachan Singh 0aHindi-Kard Meharom Ke Vath bMahavidyalaya Prakashan aHindi cBK c15380d15380